000 00408nam a2200157Ia 4500
008 230312s9999||||xx |||||||||||||| ||und||
020 _a0-07-070110-5
082 _a629.41
_bWEI-S
100 _aWiesel William , E.
245 0 _aSpaceflight Dynamics
260 _bMcGraw Hill
_aNew York
_c1997
300 _a32
546 _aEng.
650 _aEngineering
_vParticle Dynamics , Two Body Problem
942 _cBK
999 _c1208
_d1208